00370nam a2200121Ia 4500008004000000082001300040100002800053245005600081260006700137300000800204440000600212650003000218210210b1970 xxu||||| |||| 00| 0 eng d a030 ENCY aENCYCLOPAEDIA BRITANICA aENCYCLOPAEDIA BRITANICA. (Edward to Extract) Vol 8. aChicago.bEncyclopaedia Britanica, Inc, William Benton.,c1970 a986 a8 aEncyclopaedia Britanica